General Knowledge #7 - Statistics

General Stats
  • This quiz has been taken 51 times
  • The average score is 10 of 15
Answer Stats
Question Answer % Correct
What is the national bird of the U.S.? Bald Eagle
93%
What is the square root of 144? 12
83%
Which city is known as the fashion capital of the world? Milan
83%
Who is most credited for inventing the lightbulb? Thomas Edison
81%
In football, how many points is a touchdown? 6
76%
What currency is used in India? Rupee
74%
How many seconds are in 17 minutes? 1,020
71%
What animal group are frogs in? Amphibian
71%
What is the bottom number of a fraction called? Denominator
67%
Who was the first American idol winner? Kelly Clarkson
57%
Who’s face is on a five dollar bill? Abraham Lincoln
55%
What machine is used for a lie detector test? Polygraph
52%
What was the first mass produced automobile called? Model T
45%
What is the complimentary color of yellow? Purple
45%
What is the fastest moving animal on Earth? Falcon
31%
No matching quizzes found
Score Distribution
Percent of People with Each Score
Percentile by Number Answered
Your Score History
You have not taken this quiz